00317nam a2200109Ia 4500008004000000082002000040100002000060245003100080260006300111300001100174650002200185210210b1975 xxu||||| |||| 00| 0 eng d a920.720954 SHAF aSHARADAMMA (M). aFamous women of Karnataka. aMysore.bSmt B.S. Girija, Tarini, Saraswatthipuram.,c1975 aix,223 aWomen Karnataka